000
00255nam a2200109Ia 4500
999
_c
7256
_d
7256
020
_a
978-0133878691
100
_a
Wheelen, Hunger
245
0
_a
Strategic Management And Business Policy
260
_a
USA
_b
Prentice Hall
_c
1995
300
_a
1217
942
_c
BK